| 000 | 00517nam a2200181Ia 4500 | ||
|---|---|---|---|
| 999 |
_c6621 _d6621 |
||
| 020 | _a9780070140677 | ||
| 082 | _a004.678 TAP-G | ||
| 100 | _aTapscott, Don | ||
| 245 | 0 | _aGrown up digital: how the net generation is changing your world | |
| 260 |
_aNew Delhi _bTata Mcgraw-Hill Publishing _c2009 |
||
| 300 | _axvi, 368 | ||
| 504 | _aincludes appendix, bibliography and index | ||
| 650 | _aInternet | ||
| 650 | _aInternet searching | ||
| 650 | _aInternet users | ||
| 650 | _aDigital communications | ||
| 942 | _cBK | ||